| 000 | 00704nam a22001817a 4500 | ||
|---|---|---|---|
| 003 | BD-DhUL | ||
| 005 | 20170511162041.0 | ||
| 008 | 170511s2000 ii ||||| |||| 00| 0 ben | ||
| 040 |
_aBD-DhUL _cBD-DhUL |
||
| 082 |
_a070 _bCHB |
||
| 100 | 1 | _aচট্টোপাধ্যায়, পার্থ | |
| 245 | 1 | 0 | _aবাংলা সংবাদপত্র ও বাঙালির নবজাগরণ (১৮১৮-১৮৭৮) / |
| 250 | _aপরিমার্জিত ও পরিবর্ধিত | ||
| 260 |
_aকলকাতা : _bদে'জ, _c২০০৩. |
||
| 300 |
_a৩৬৬ পৃ. ; _c২২ সেমি. |
||
| 650 | 0 | _aসংবাদপত্র | |
| 942 |
_2ddc _cBK |
||
| 999 |
_c195293 _d195293 |
||